[Event "Vaujany op 14th"]
[Site "Vaujany"]
[Date "2023.07.13"]
[Round "1"]
[White "Olivier, Jean Christophe"]
[Black "Rebut, Paul"]
[Result "1/2-1/2"]
[WhiteElo "2304"]
[BlackElo "1973"]
[PlyCount "108"]
[EventDate "2023.07.13"]
[EventType "swiss"]
[EventRounds "9"]
[EventCountry "FRA"]
[SourceTitle "CBM 215 Extra"]
[Source "ChessBase"]
[SourceDate "2023.09.30"]
[SourceVersion "1"]
[SourceVersionDate "2023.09.30"]
[SourceQuality "1"]

1. e4 d5 2. exd5 Qxd5 3. Nc3 Qa5 4. d4 Nf6 5. Nf3 Bf5 6. Ne5 c6 7. Nc4 Qc7 8. Bg5 Nbd7 9. Qd2 Nd5 10. Nxd5 cxd5 11. Ne3 Be6 12. c4 Nf6 13. cxd5 Nxd5 14. Bb5+ Kd8 15. 0-0 Qb6 16. a4 f6 17. Bh4 Nxe3 18. fxe3 Bd7 19. Rac1 e6 20. Rxf6 gxf6 21. Bxf6+ Be7 22. Bxh8 Bxb5 23. axb5 Qxb5 24. Be5 Rc8 25. Rxc8+ Kxc8 26. Qc2+ Kd7 27. h3 a5 28. Qc7+ Ke8 29. Qc8+ Kf7 30. Qc2 Ke8 31. Qc8+ Kf7 32. Qc2 Ke8 33. e4 a4 34. Kh2 Qd7 35. Qd3 b5 36. d5 exd5 37. exd5 Bd6 38. Qg3 Bf8 39. d6 Qe6 40. Qf4 Kd7 41. Kh1 Bxd6 42. Bxd6 Qxd6 43. Qf5+ Kc6 44. Qxh7 Qf4 45. Qc2+ Qc4 46. Qd1 Kc5 47. Kh2 Qf4+ 48. Kh1 Qe4 49. Qc1+ Qc4 50. Qd1 Kb4 51. g4 Qe4+ 52. Kg1 Qe5 53. Qd2+ Kb3 54. Kg2 Qxb2 1/2-1/2

[Event "Vaujany op-A 8th"]
[Site "Vaujany"]
[Date "2017.07.18"]
[Round "6"]
[White "Pierecker, Markus"]
[Black "Olivier, Jean Christophe"]
[Result "0-1"]
[WhiteElo "2179"]
[BlackElo "2353"]
[PlyCount "57"]
[EventDate "2017.07.13"]
[EventType "swiss"]
[EventRounds "9"]
[EventCountry "FRA"]
[SourceTitle "EXT 2018"]
[Source "ChessBase"]
[SourceDate "2017.10.13"]
[SourceVersion "1"]
[SourceVersionDate "2017.10.13"]
[SourceQuality "1"]

1. e4 e5 2. Nf3 Nc6 3. Bb5 a6 4. Ba4 Nf6 5. 0-0 Be7 6. Re1 b5 7. Bb3 d6 8. c3 0-0 9. h3 Na5 10. Bc2 c5 11. d4 Qc7 12. Nbd2 cxd4 13. cxd4 Bb7 14. Nf1 Rac8 15. Bd3 d5 16. dxe5 Nxe4 17. Be3 Nc4 18. Bd4 Bc5 19. Bb1 Rfe8 20. b3 Nxe5 21. Bxe4 Nxf3+ 22. gxf3 dxe4 23. Rc1 Qe7 24. Bxc5 Rxc5 25. fxe4 Rg5+ 26. Ng3 h5 27. h4 Rg4 28. Kf1 Qxh4 29. Rc6 0-1

[Event "Vaujany op-A 8th"]
[Site "Vaujany"]
[Date "2017.07.17"]
[Round "5"]
[White "Olivier, Jean Christophe"]
[Black "Van Foreest, Lucas"]
[Result "0-1"]
[WhiteElo "2353"]
[BlackElo "2473"]
[PlyCount "80"]
[EventDate "2017.07.13"]
[EventType "swiss"]
[EventRounds "9"]
[EventCountry "FRA"]
[SourceTitle "EXT 2018"]
[Source "ChessBase"]
[SourceDate "2017.10.13"]
[SourceVersion "1"]
[SourceVersionDate "2017.10.13"]
[SourceQuality "1"]

1. e4 e6 2. d4 d5 3. Nc3 Bb4 4. exd5 exd5 5. Bd3 Nf6 6. Nge2 0-0 7. 0-0 c6 8. Bg5 Nbd7 9. Ng3 h6 10. Bf4 Re8 11. a3 Bxc3 12. bxc3 Nb6 13. h3 Be6 14. Rb1 Qe7 15. Qf3 Nh7 16. Nh5 Qh4 17. Bg3 Qe7 18. Be5 f6 19. Bf4 Ng5 20. Qg3 Qf7 21. Qh4 Nxh3+ 22. gxh3 g5 23. Qg3 Qxh5 24. Kh2 Re7 25. Rfe1 Rae8 26. Bd6 Rd7 27. Bc5 Nc8 28. a4 b6 29. Ba3 Rg7 30. Be2 Qf7 31. Bf1 Ne7 32. Qc7 Ng6 33. Qxc6 Nf4 34. Bc1 Bd7 35. Rxe8+ Qxe8 36. Qxf6 Rf7 37. Qe5 Re7 38. Qc7 Re1 39. Bb5 Rh1+ 40. Kg3 Rxh3# 0-1

[Event "Vaujany op-A 8th"]
[Site "Vaujany"]
[Date "2017.07.16"]
[Round "4"]
[White "Fodor, Balazs"]
[Black "Olivier, Jean Christophe"]
[Result "0-1"]
[WhiteElo "2117"]
[BlackElo "2353"]
[PlyCount "70"]
[EventDate "2017.07.13"]
[EventType "swiss"]
[EventRounds "9"]
[EventCountry "FRA"]
[SourceTitle "EXT 2018"]
[Source "ChessBase"]
[SourceDate "2017.10.13"]
[SourceVersion "1"]
[SourceVersionDate "2017.10.13"]
[SourceQuality "1"]

1. d4 Nf6 2. c4 e6 3. Nf3 b6 4. a3 d5 5. Nc3 Be7 6. cxd5 exd5 7. Bf4 0-0 8. e3 c5 9. Bd3 Nc6 10. Rc1 Bg4 11. 0-0 c4 12. Be2 Na5 13. Nd2 Bxe2 14. Qxe2 Re8 15. Nb5 Rf8 16. Qf3 Qd7 17. Nc3 Rad8 18. h3 h6 19. Rfd1 Rfe8 20. e4 dxe4 21. Ncxe4 Qxd4 22. Nxf6+ Qxf6 23. Ne4 Qg6 24. Re1 Bf8 25. Ng3 Bc5 26. Bc7 Rc8 27. Rxe8+ Rxe8 28. Nf5 Qf6 29. Rd1 Nb3 30. Qg4 b5 31. Rd7 Kh7 32. Qh5 Kg8 33. Bf4 Nd4 34. Nxh6+ gxh6 35. Qxc5 Re1+ 0-1

[Event "Francophone-ch rapid 3rd"]
[Site "Geneve"]
[Date "2016.07.03"]
[Round "15"]
[White "Olivier, Jean Christophe"]
[Black "Bauer, Christian"]
[Result "0-1"]
[WhiteElo "2371"]
[BlackElo "2621"]
[PlyCount "68"]
[EventDate "2016.07.02"]
[EventType "swiss (rapid)"]
[EventRounds "15"]
[EventCountry "SUI"]
[SourceTitle "CBM 173 Extra"]
[Source "ChessBase"]
[SourceDate "2016.08.29"]
[SourceVersion "1"]
[SourceVersionDate "2016.08.29"]
[SourceQuality "1"]

1. e4 Nc6 2. d4 e5 3. dxe5 Nxe5 4. Nf3 Qf6 5. Nxe5 Qxe5 6. Bd3 Bb4+ 7. Nc3 Bxc3+ 8. bxc3 d6 9. 0-0 Nf6 10. f4 Qxc3 11. Be3 Bg4 12. Qb1 0-0 13. Re1 Rfe8 14. Bf2 Bd7 15. h3 Bc6 16. Re3 Qd2 17. c3 Re6 18. a4 Rae8 19. Bc4 Bxe4 20. Qb4 c5 21. Qa5 Bd5 22. Rxe6 fxe6 23. Bb5 Rf8 24. Re1 Ne4 25. Re2 Qxc3 26. Qxa7 Nxf2 27. Rxf2 Qe3 28. Qb6 h6 29. Kf1 Rxf4 30. Rxf4 Qxf4+ 31. Kg1 Qd4+ 32. Kf1 Qd1+ 33. Kf2 Qd2+ 34. Be2 Bc4 0-1

[Event "Vaujany op-A 6th"]
[Site "Vaujany"]
[Date "2015.07.16"]
[Round "8"]
[White "Van Foreest, Lucas"]
[Black "Olivier, Jean Christophe"]
[Result "1-0"]
[WhiteElo "2312"]
[BlackElo "2348"]
[PlyCount "73"]
[EventDate "2015.07.09"]
[EventType "swiss"]
[EventRounds "9"]
[EventCountry "FRA"]
[SourceTitle "EXT 2016"]
[Source "ChessBase"]
[SourceDate "2015.10.08"]
[SourceVersion "1"]
[SourceVersionDate "2015.10.08"]
[SourceQuality "1"]

1. e4 e5 2. Nf3 Nc6 3. d4 exd4 4. Nxd4 Bb4+ 5. c3 Bc5 6. Be3 Bb6 7. Nf5 Bxe3 8. Nxe3 Nge7 9. Bc4 0-0 10. 0-0 Kh8 11. f4 f5 12. exf5 Nxf5 13. Nxf5 Rxf5 14. Bd3 Rf6 15. Qc2 d5 16. Bxh7 Qd6 17. Bd3 Rxf4 18. Na3 Bd7 19. Qe2 Bg4 20. Qe3 Raf8 21. Rxf4 Qxf4 22. Qxf4 Rxf4 23. Re1 g5 24. Nb5 d4 25. cxd4 Nb4 26. Be4 c6 27. Nc3 Rf7 28. a3 Na6 29. d5 Bd7 30. dxc6 bxc6 31. Bc2 g4 32. Re5 Nc7 33. Bb3 Rg7 34. Ne4 Kh7 35. Kf2 Kh6 36. Kg3 Rg6 37. Bf7 1-0

[Event "Vaujany op-A 6th"]
[Site "Vaujany"]
[Date "2015.07.10"]
[Round "2"]
[White "Horvath, Jozsef"]
[Black "Olivier, Jean Christophe"]
[Result "1-0"]
[WhiteElo "2538"]
[BlackElo "2348"]
[PlyCount "69"]
[EventDate "2015.07.09"]
[EventType "swiss"]
[EventRounds "9"]
[EventCountry "FRA"]
[SourceTitle "EXT 2016"]
[Source "ChessBase"]
[SourceDate "2015.10.08"]
[SourceVersion "1"]
[SourceVersionDate "2015.10.08"]
[SourceQuality "1"]

1. d4 Nf6 2. Nf3 e6 3. e3 b6 4. Bd3 Bb7 5. 0-0 Be7 6. c4 0-0 7. Nc3 d5 8. b3 Nbd7 9. Bb2 c5 10. cxd5 exd5 11. Rc1 Re8 12. Re1 Bd6 13. Ne2 Qe7 14. Ng3 g6 15. Bb5 Red8 16. dxc5 bxc5 17. b4 Ne4 18. Bxd7 Rxd7 19. bxc5 Bxc5 20. Ne5 Rd6 21. Ng4 Rb6 22. Nxe4 dxe4 23. Nf6+ Rxf6 24. Bxf6 Qxf6 25. Rxc5 Rd8 26. Qa1 Qd6 27. Rec1 Ba6 28. Rc6 Qd3 29. h3 Bb5 30. Rc7 a6 31. Qf6 Be8 32. Rc8 Rxc8 33. Rxc8 Qd1+ 34. Kh2 Qd7 35. Rd8 1-0

[Event "La Rosiere op"]
[Site "Bourg Saint Maurice"]
[Date "2013.08.26"]
[Round "2"]
[White "Olivier, Jean Christophe"]
[Black "Heyman, Jacques"]
[Result "1-0"]
[WhiteElo "2351"]
[BlackElo "1847"]
[PlyCount "97"]
[EventDate "2013.08.25"]
[EventType "swiss"]
[EventRounds "7"]
[EventCountry "FRA"]
[SourceTitle "EXT 2015"]
[Source "ChessBase"]
[SourceDate "2014.11.20"]
[SourceVersion "1"]
[SourceVersionDate "2014.11.20"]
[SourceQuality "1"]

1. e4 c6 2. d4 d5 3. Nc3 dxe4 4. Nxe4 Nf6 5. Nxf6+ gxf6 6. c3 Bf5 7. Ne2 e6 8. Ng3 Bg6 9. h4 h5 10. Bd3 Bxd3 11. Qxd3 Qa5 12. a4 Nd7 13. Bd2 0-0-0 14. Qe2 Bh6 15. Bxh6 Rxh6 16. Ne4 Qc7 17. 0-0-0 Qf4+ 18. Rd2 Kb8 19. g3 Qc7 20. Rhd1 Rhh8 21. b3 f5 22. Ng5 Rdf8 23. Kb2 Nb6 24. c4 a5 25. Rd3 Ka7 26. Nh3 Rd8 27. Nf4 Qe7 28. Qe1 Ka6 29. Ka2 Rde8 30. Re3 Rh7 31. Re5 Qb4 32. Qxb4 axb4 33. Nd3 f6 34. Nc5+ Ka7 35. Rxe6 Rf8 36. Nd3 Rd7 37. a5 Na8 38. Nxb4 f4 39. gxf4 Rg7 40. d5 Nc7 41. Rd6 Rg4 42. dxc6 Rxh4 43. Rd7 Rc8 44. cxb7 Kxb7 45. R1d6 Rxf4 46. Rb6+ Ka8 47. Nc6 Rxf2+ 48. Ka3 h4 49. Rxc7 1-0

[Event "Vaujany op 4th"]
[Site "Vaujany"]
[Date "2013.07.18"]
[Round "8"]
[White "Di Nicolantonio, Lucas"]
[Black "Olivier, Jean Christophe"]
[Result "0-1"]
[WhiteElo "2300"]
[BlackElo "2350"]
[PlyCount "94"]
[EventDate "2013.07.11"]
[EventType "swiss"]
[EventRounds "9"]
[EventCountry "FRA"]
[SourceTitle "EXT 2014"]
[Source "ChessBase"]
[SourceDate "2013.11.20"]
[SourceVersion "1"]
[SourceVersionDate "2013.11.20"]
[SourceQuality "1"]

1. d4 Nf6 2. c4 e6 3. Nf3 d5 4. Nc3 Nbd7 5. Bf4 dxc4 6. e3 a6 7. a4 Nb6 8. a5 Nbd5 9. Bxc4 Bb4 10. 0-0 0-0 11. Bg5 Bxc3 12. bxc3 Nxc3 13. Qc2 Nce4 14. Bh4 b5 15. Bd3 Bb7 16. Ne5 h6 17. Rac1 Qd5 18. f3 Nd6 19. Bxf6 gxf6 20. Nd7 Qg5 21. f4 Qg7 22. Nxf8 Rxf8 23. Qf2 Rc8 24. Rc5 Ne4 25. Bxe4 Bxe4 26. Rfc1 c6 27. Rh5 f5 28. Rh3 Kh7 29. Rg3 Qf8 30. Qb2 Bd5 31. Qe2 Rb8 32. Rh3 Qg7 33. Rg3 Qf8 34. Rh3 Be4 35. Qb2 Bd5 36. Qe2 Rb7 37. Kf2 Be4 38. Rc5 Qg7 39. Rg3 Qf6 40. Ke1 Qd8 41. Qd2 b4 42. Qb2 b3 43. Kd2 Bd5 44. Ke1 Rb4 45. e4 fxe4 46. Qd2 Ra4 47. Rc1 Qf6 0-1

[Event "Vaujany op 4th"]
[Site "Vaujany"]
[Date "2013.07.16"]
[Round "6"]
[White "Schoorl, Rob"]
[Black "Olivier, Jean Christophe"]
[Result "1/2-1/2"]
[WhiteElo "2340"]
[BlackElo "2350"]
[PlyCount "60"]
[EventDate "2013.07.11"]
[EventType "swiss"]
[EventRounds "9"]
[EventCountry "FRA"]
[SourceTitle "EXT 2014"]
[Source "ChessBase"]
[SourceDate "2013.11.20"]
[SourceVersion "1"]
[SourceVersionDate "2013.11.20"]
[SourceQuality "1"]

1. e4 e5 2. Nf3 Nc6 3. Bb5 a6 4. Ba4 d6 5. c3 Nge7 6. d4 Bd7 7. Bb3 h6 8. h4 Nc8 9. Be3 Nb6 10. Nbd2 Bg4 11. a3 exd4 12. cxd4 d5 13. Qb1 Be7 14. e5 Na5 15. Bc2 Nac4 16. Nf1 c5 17. b3 cxd4 18. bxc4 dxe3 19. Nxe3 Bxf3 20. gxf3 Nxc4 21. Nxc4 dxc4 22. Qxb7 Qa5+ 23. Kf1 Rd8 24. Re1 Qd5 25. Ba4+ Kf8 26. Bc6 Qd3+ 27. Kg1 Qg6+ 28. Kf1 Qd3+ 29. Kg1 Qg6+ 30. Kf1 Qd3+ 1/2-1/2

[Event "Vaujany op 4th"]
[Site "Vaujany"]
[Date "2013.07.14"]
[Round "4"]
[White "Gazikova, Veronika"]
[Black "Olivier, Jean Christophe"]
[Result "0-1"]
[WhiteElo "2066"]
[BlackElo "2350"]
[PlyCount "76"]
[EventDate "2013.07.11"]
[EventType "swiss"]
[EventRounds "9"]
[EventCountry "FRA"]
[SourceTitle "EXT 2014"]
[Source "ChessBase"]
[SourceDate "2013.11.20"]
[SourceVersion "1"]
[SourceVersionDate "2013.11.20"]
[SourceQuality "1"]

1. e4 c5 2. Nc3 e6 3. f4 a6 4. a4 Nc6 5. Nf3 d5 6. d3 Nf6 7. Be2 Be7 8. 0-0 0-0 9. e5 Nd7 10. Qe1 f6 11. Qg3 Qc7 12. f5 Ndxe5 13. fxe6 Bxe6 14. Bf4 Bd6 15. Kh1 Rad8 16. Rae1 Ng6 17. Bxd6 Qxd6 18. Qxd6 Rxd6 19. Bd1 Bf7 20. Ne2 d4 21. Ng3 Rdd8 22. Nd2 Rfe8 23. Nde4 Re5 24. Nf5 b6 25. b3 Bd5 26. Ned6 Nh4 27. Nxh4 Rxd6 28. Bf3 Bxf3 29. Nxf3 Ree6 30. Nd2 Nb4 31. Rc1 Re2 32. Nc4 Rde6 33. Na3 Nd5 34. Nc4 b5 35. axb5 axb5 36. Na3 Nc3 37. h3 Ra6 38. Ra1 Re8 0-1

[Event "Vaujany op 3rd"]
[Site "Vaujany"]
[Date "2012.07.20"]
[Round "9"]
[White "Olivier, Jean Christophe"]
[Black "Van Foreest, Jorden"]
[Result "0-1"]
[WhiteElo "2394"]
[BlackElo "2208"]
[PlyCount "74"]
[EventDate "2012.07.12"]
[EventType "swiss"]
[EventRounds "9"]
[EventCountry "FRA"]
[SourceTitle "CBM 149 Extra"]
[Source "ChessBase"]
[SourceDate "2012.08.24"]
[SourceVersion "1"]
[SourceVersionDate "2012.08.24"]
[SourceQuality "1"]

1. e4 e5 2. Nf3 Nc6 3. Bb5 Nf6 4. 0-0 Nxe4 5. d4 Nd6 6. Bg5 f6 7. Bxc6 dxc6 8. dxe5 fxg5 9. exd6 cxd6 10. Re1+ Be7 11. Qe2 Bg4 12. Nbd2 Qd7 13. Qe3 h6 14. h3 Bxf3 15. Nxf3 Kd8 16. Nd4 Bf6 17. Ne6+ Kc8 18. Rad1 Re8 19. Qb3 b6 20. Re3 Re7 21. c3 Rb8 22. a4 d5 23. Rde1 Qd6 24. Qc2 Kb7 25. Qf5 Rbe8 26. b4 Bxc3 27. Nc5+ bxc5 28. bxc5 Qxc5 29. Rb1+ Kc7 30. Rxe7+ Rxe7 31. Rb3 Qd6 32. g3 d4 33. Kh2 Qd5 34. Qb1 Re1 35. Rb7+ Kd6 36. Rd7+ Kxd7 37. Qb7+ Kd6 0-1

[Event "Vaujany op 3rd"]
[Site "Vaujany"]
[Date "2012.07.17"]
[Round "6"]
[White "Gozzoli, Yannick"]
[Black "Olivier, Jean Christophe"]
[Result "1/2-1/2"]
[WhiteElo "2547"]
[BlackElo "2394"]
[PlyCount "87"]
[EventDate "2012.07.12"]
[EventType "swiss"]
[EventRounds "9"]
[EventCountry "FRA"]
[SourceTitle "CBM 149 Extra"]
[Source "ChessBase"]
[SourceDate "2012.08.24"]
[SourceVersion "1"]
[SourceVersionDate "2012.08.24"]
[SourceQuality "1"]

1. d4 Nf6 2. c4 e6 3. Nc3 d5 4. Bg5 Be7 5. Nf3 h6 6. Bh4 0-0 7. e3 b6 8. Rc1 Bb7 9. Bxf6 Bxf6 10. cxd5 exd5 11. b4 Qd6 12. b5 c5 13. bxc6 Nxc6 14. Be2 Rfc8 15. 0-0 Na5 16. Nb5 Qe7 17. Rxc8+ Bxc8 18. Nd2 Bb7 19. Qb1 a6 20. Nc3 b5 21. Bf3 Nc4 22. Nb3 Rd8 23. Qd3 Qd6 24. Nc5 Ba8 25. Rc1 Qb6 26. a4 Be7 27. axb5 axb5 28. Nb3 Bc6 29. Ra1 g6 30. g3 Nb2 31. Qc2 Nc4 32. Nc1 Kg7 33. Nb3 b4 34. Na4 Bxa4 35. Rxa4 Na3 36. Qd3 Qb5 37. Qxb5 Nxb5 38. Nc5 Bxc5 39. dxc5 Rc8 40. c6 Rxc6 41. Rxb4 Rc5 42. Kg2 h5 43. Ra4 Nc3 44. Ra6 1/2-1/2

[Event "Vaujany op 3rd"]
[Site "Vaujany"]
[Date "2012.07.16"]
[Round "5"]
[White "Olivier, Jean Christophe"]
[Black "Gelas, Christophe"]
[Result "1-0"]
[WhiteElo "2394"]
[BlackElo "2148"]
[PlyCount "65"]
[EventDate "2012.07.12"]
[EventType "swiss"]
[EventRounds "9"]
[EventCountry "FRA"]
[SourceTitle "CBM 149 Extra"]
[Source "ChessBase"]
[SourceDate "2012.08.24"]
[SourceVersion "1"]
[SourceVersionDate "2012.08.24"]
[SourceQuality "1"]

1. e4 e6 2. d4 d5 3. Nc3 Nf6 4. Bg5 Bb4 5. Nge2 dxe4 6. a3 Be7 7. Bxf6 Bxf6 8. Nxe4 Nc6 9. Qd3 Bxd4 10. 0-0-0 Be5 11. Qxd8+ Nxd8 12. f4 Bf6 13. Nxf6+ gxf6 14. Nc3 a6 15. Be2 f5 16. g4 fxg4 17. Bxg4 Bd7 18. f5 h5 19. Bh3 Nc6 20. Ne4 Rh6 21. Nc5 Bc8 22. Rhg1 Ne7 23. fxe6 fxe6 24. Rge1 Kf7 25. Rd8 Nc6 26. Rf1+ Ke7 27. Rg8 Kd6 28. Ne4+ Ke5 29. Ng5 Kd4 30. Bxe6 Ne7 31. Re8 Rg6 32. h4 Rg7 33. Bxc8 1-0

[Event "Vaujany op 3rd"]
[Site "Vaujany"]
[Date "2012.07.13"]
[Round "2"]
[White "Viennot, Dylan"]
[Black "Olivier, Jean Christophe"]
[Result "0-1"]
[WhiteElo "2149"]
[BlackElo "2394"]
[PlyCount "154"]
[EventDate "2012.07.12"]
[EventType "swiss"]
[EventRounds "9"]
[EventCountry "FRA"]
[SourceTitle "CBM 149 Extra"]
[Source "ChessBase"]
[SourceDate "2012.08.24"]
[SourceVersion "1"]
[SourceVersionDate "2012.08.24"]
[SourceQuality "1"]

1. e4 c5 2. Nf3 e6 3. Nc3 a6 4. d4 cxd4 5. Nxd4 Nc6 6. Nxc6 bxc6 7. e5 Qc7 8. Qe2 c5 9. Bf4 Ne7 10. 0-0-0 Bb7 11. Kb1 Nf5 12. Qc4 Rb8 13. f3 Be7 14. Bd3 Nd4 15. h4 Bc6 16. Be4 Nb5 17. Ka1 Nxc3 18. Qxc3 Bxe4 19. fxe4 0-0 20. Rd3 Rb7 21. Rg3 Rfb8 22. Bh6 g6 23. Bc1 Rb4 24. Rf1 Bf8 25. Rgf3 Bg7 26. Rxf7 Qxe5 27. Qxe5 Bxe5 28. a3 Bxb2+ 29. Bxb2 Rxb2 30. Rxd7 R2b7 31. Rfd1 h5 32. Rxb7 Rxb7 33. Rd6 Kf7 34. e5 a5 35. Rc6 Rb5 36. c4 Rb3 37. Ka2 Rg3 38. Rc7+ Ke8 39. Rxc5 a4 40. Ra5 Rxg2+ 41. Kb1 Rg4 42. Rxa4 Rxh4 43. Ra8+ Kd7 44. Ra7+ Ke8 45. a4 Rxc4 46. a5 Kd8 47. Rg7 Ra4 48. Rxg6 Kd7 49. Rh6 h4 50. a6 Rxa6 51. Rxh4 Ra5 52. Rh5 Rc5 53. Kb2 Kc6 54. Kb3 Kd5 55. Rh6 Rc1 56. Rh5 Ke4 57. Kb2 Rc5 58. Rh4+ Kf5 59. Rh8 Kg5 60. Re8 Kf5 61. Rh8 Kf4 62. Rh4+ Kg5 63. Rh8 Rxe5 64. Kc3 Rd5 65. Re8 Kf5 66. Rf8+ Ke4 67. Rh8 e5 68. Rf8 Ke3 69. Rf5 Rc5+ 70. Kb4 Ke4 71. Rf8 Rc1 72. Re8 Kd4 73. Kb3 e4 74. Kb2 Rc5 75. Rd8+ Ke3 76. Re8 Kd3 77. Rd8+ Ke2 0-1

[Event "FRA-ch Accession"]
[Site "Caen"]
[Date "2011.08.18"]
[Round "3"]
[White "Olivier, Jean Christophe"]
[Black "Alanic, Xavier"]
[Result "0-1"]
[WhiteElo "2388"]
[BlackElo "2264"]
[PlyCount "60"]
[EventDate "2011.08.16"]
[EventType "swiss"]
[EventRounds "11"]
[EventCountry "FRA"]
[SourceTitle "CBM 144 Extra"]
[Source "ChessBase"]
[SourceDate "2011.10.28"]
[SourceVersion "1"]
[SourceVersionDate "2011.10.28"]
[SourceQuality "1"]

1. e4 d5 2. exd5 Qxd5 3. Nc3 Qd6 4. d4 a6 5. Nf3 Nf6 6. Be3 Bg4 7. Be2 Nc6 8. Qd2 e6 9. 0-0-0 0-0-0 10. Ng5 Qd7 11. f3 Bf5 12. a3 Nd5 13. Bf2 Bd6 14. Nxd5 exd5 15. g4 Bg6 16. Bg3 f6 17. Nh3 Rhe8 18. Bd3 Bxd3 19. Qxd3 g5 20. Nf2 Re7 21. Rde1 Rde8 22. Kd1 Na5 23. Rxe7 Rxe7 24. Bxd6 Qxd6 25. Qf5+ Kb8 26. Re1 Nc4 27. Nd3 Qxh2 28. Kc1 Qd2+ 29. Kb1 Rxe1+ 30. Ka2 Qxc2 0-1

[Event "SUI-chT"]
[Site "Switzerland"]
[Date "2011.06.26"]
[Round "5.1"]
[White "Olivier, Jean Christophe"]
[Black "Prusikin, Michael"]
[Result "1/2-1/2"]
[WhiteElo "2371"]
[BlackElo "2557"]
[PlyCount "63"]
[EventDate "2011.02.27"]
[EventType "team-tourn"]
[EventRounds "9"]
[EventCountry "SUI"]
[SourceTitle "EXT 2012"]
[Source "ChessBase"]
[SourceDate "2011.11.24"]
[SourceVersion "1"]
[SourceVersionDate "2011.11.24"]
[SourceQuality "1"]
[WhiteTeam "Echallens"]
[BlackTeam "Wollishofen"]
[WhiteTeamCountry "SUI"]
[BlackTeamCountry "SUI"]

1. e4 e5 2. Nf3 Nc6 3. Bb5 a6 4. Ba4 Nf6 5. 0-0 Be7 6. Re1 b5 7. Bb3 d6 8. c3 0-0 9. h3 Na5 10. Bc2 c5 11. d4 Qc7 12. Nbd2 Rd8 13. Nf1 cxd4 14. cxd4 exd4 15. Bf4 Nc6 16. Qd2 Qb6 17. Ng3 g6 18. Rad1 d5 19. e5 Bb4 20. Qc1 Bxe1 21. Rxe1 Nd7 22. Bg5 Re8 23. Qf4 Qc7 24. Nh5 Ncxe5 25. Nxe5 Rxe5 26. Nf6+ Kh8 27. Rxe5 Qxe5 28. Qh4 Nf8 29. Ne4 Nd7 30. Nf6 Nf8 31. Ne4 Nd7 32. Nf6 1/2-1/2

[Event "EU-ch 12th"]
[Site "Aix les Bains"]
[Date "2011.04.01"]
[Round "10"]
[White "Olivier, Jean Christophe"]
[Black "Ftacnik, Lubomir"]
[Result "0-1"]
[WhiteElo "2401"]
[BlackElo "2578"]
[PlyCount "66"]
[EventDate "2011.03.22"]
[EventType "swiss"]
[EventRounds "11"]
[EventCountry "FRA"]
[SourceTitle "CBM 142 Extra"]
[Source "ChessBase"]
[SourceDate "2011.06.27"]
[SourceVersion "1"]
[SourceVersionDate "2011.06.27"]
[SourceQuality "1"]

1. e4 c5 2. Nf3 d6 3. d4 cxd4 4. Nxd4 Nf6 5. Nc3 a6 6. Be2 e6 7. Be3 Nc6 8. 0-0 Be7 9. f4 Qc7 10. a4 0-0 11. Qe1 Re8 12. Qg3 Nxd4 13. Bxd4 e5 14. Be3 Kh8 15. f5 Bd7 16. a5 Bc6 17. Bf3 Rg8 18. Qf2 g6 19. Bg5 gxf5 20. Bxf6+ Bxf6 21. exf5 e4 22. Nxe4 Bxb2 23. Rab1 Be5 24. Qh4 f6 25. Kh1 Raf8 26. Rfd1 Rg7 27. Rb6 Qd7 28. g4 Qe7 29. h3 d5 30. Nf2 Bc7 31. Rb3 Qe5 32. Kg2 Qh2+ 33. Kf1 Bg3 0-1

[Event "EU-ch 12th"]
[Site "Aix les Bains"]
[Date "2011.03.31"]
[Round "9"]
[White "De Seroux, Camille"]
[Black "Olivier, Jean Christophe"]
[Result "0-1"]
[WhiteElo "2055"]
[BlackElo "2401"]
[PlyCount "68"]
[EventDate "2011.03.22"]
[EventType "swiss"]
[EventRounds "11"]
[EventCountry "FRA"]
[SourceTitle "CBM 142 Extra"]
[Source "ChessBase"]
[SourceDate "2011.06.27"]
[SourceVersion "1"]
[SourceVersionDate "2011.06.27"]
[SourceQuality "1"]

1. e4 c5 2. Nf3 g6 3. d4 cxd4 4. Nxd4 Nc6 5. Be3 Nf6 6. Nc3 Bg7 7. Bc4 Qa5 8. f3 Qb4 9. Bb3 Nxe4 10. Nxc6 Bxc3+ 11. bxc3 Qxc3+ 12. Ke2 dxc6 13. Bd4 e5 14. Bxc3 Nxc3+ 15. Kf2 Nxd1+ 16. Raxd1 Ke7 17. Rhe1 f6 18. f4 Be6 19. fxe5 f5 20. Ke3 Rad8 21. Kf4 h6 22. h4 Rhg8 23. g3 c5 24. Bxe6 Kxe6 25. Rb1 Rd4+ 26. Kf3 b6 27. Re2 Rgd8 28. Rbe1 Rd2 29. Kf4 R8d4+ 30. Kf3 g5 31. hxg5 hxg5 32. Rh1 g4+ 33. Kf2 Rxe2+ 34. Kxe2 Ra4 0-1

[Event "EU-ch 12th"]
[Site "Aix les Bains"]
[Date "2011.03.25"]
[Round "4"]
[White "Shengelia, Davit"]
[Black "Olivier, Jean Christophe"]
[Result "1-0"]
[WhiteElo "2573"]
[BlackElo "2401"]
[PlyCount "105"]
[EventDate "2011.03.22"]
[EventType "swiss"]
[EventRounds "11"]
[EventCountry "FRA"]
[SourceTitle "CBM 142 Extra"]
[Source "ChessBase"]
[SourceDate "2011.06.27"]
[SourceVersion "1"]
[SourceVersionDate "2011.06.27"]
[SourceQuality "1"]

1. Nf3 c5 2. g3 g6 3. Bg2 Bg7 4. 0-0 Nc6 5. c4 e6 6. Nc3 Nge7 7. a3 d5 8. cxd5 exd5 9. d3 0-0 10. Bf4 h6 11. h4 Bg4 12. Rb1 Rc8 13. Qd2 Kh7 14. e4 dxe4 15. dxe4 Qxd2 16. Nxd2 Rfd8 17. Nc4 Rd7 18. Ne3 Be6 19. Ned5 Ne5 20. Nxe7 Rxe7 21. Rfd1 c4 22. Bxe5 Bxe5 23. f4 Bxc3 24. bxc3 Rc5 25. a4 b6 26. Kf2 f6 27. Bf3 h5 28. Rd6 Kg7 29. Ke3 Bd5 30. Rb4 Be6 31. Kd4 Kf7 32. f5 gxf5 33. Bxh5+ Kg7 34. Bf3 fxe4 35. Bxe4 Re5 36. Rb5 Rxe4+ 37. Kxe4 Bd7+ 38. Kd4 Bxb5 39. axb5 f5 40. Kxc4 Re3 41. Rd7+ Kf6 42. Rxa7 Rxg3 43. Rb7 f4 44. Rxb6+ Ke7 45. Rb7+ Ke6 46. Rb8 Ke7 47. b6 f3 48. b7 f2 49. Re8+ Kd7 50. Rf8 f1Q+ 51. Rxf1 Kc7 52. Rf7+ Kb8 53. Rh7 1-0

[Event "Vaujany op 1st"]
[Site "Vaujany"]
[Date "2010.07.16"]
[Round "7"]
[White "Drogou, Gerard"]
[Black "Olivier, Jean Christophe"]
[Result "0-1"]
[WhiteElo "2107"]
[BlackElo "2377"]
[PlyCount "82"]
[EventDate "2010.07.10"]
[EventType "swiss"]
[EventRounds "9"]
[EventCountry "FRA"]
[SourceTitle "CBM 137 Extra"]
[Source "ChessBase"]
[SourceDate "2010.09.01"]
[SourceVersion "1"]
[SourceVersionDate "2010.09.01"]
[SourceQuality "1"]

1. Nf3 Nf6 2. d4 e6 3. e3 b6 4. Bd3 Bb7 5. 0-0 c5 6. c4 Be7 7. Nc3 cxd4 8. exd4 d5 9. cxd5 Nxd5 10. Ne5 0-0 11. Qh5 f5 12. Qe2 Bf6 13. Bc4 Re8 14. f4 a6 15. Be3 Qd6 16. Rac1 Nxe3 17. Qxe3 b5 18. Bb3 Nc6 19. Rfd1 Na5 20. Bc2 Nc4 21. Nxc4 bxc4 22. Rd2 Rad8 23. Rcd1 h6 24. Qf2 g6 25. b3 cxb3 26. Bxb3 Kg7 27. Na4 Bd5 28. Nb2 Rc8 29. Na4 Rcd8 30. Nb2 Qb4 31. Qe3 Re7 32. Qd3 Bxb3 33. Qxb3 Rxd4 34. Qxb4 Rxb4 35. Nd3 Rd4 36. Nc5 Rxf4 37. Nxa6 Rc4 38. Rb1 Bd4+ 39. Kf1 e5 40. Ke2 Ra7 41. Nb4 Bc3 0-1